Effectif Olympique Lyonnais (2025-2026) - Statistiques

Statistiques générales
  • Ce quiz a été pris 67 fois
  • Le résultat moyen est 25 sur 35
Statistiques - réponses
Numéro Poste Nationalité Nom % Correct
8 MC France Corentin Tolisso
97%
9 BU Brésil Endrick
97%
3 DG Argentine Nicolas Tagliafico
95%
- Coach Portugal Paulo Fonseca
95%
10 MOC République Tchèque Pavel Sulc
95%
11 AG Belgique Malick Fofana
92%
17 AG Portugal Afonso Moreira
90%
22 DC Angola Clinton Mata
90%
19 DC Sénégal Moussa Niakhate
88%
6 MDC Etats-unis Tanner Tessmann
88%
23 MDC Angleterre Tyler Morton
88%
1 G Slovaquie Dominik Greif
87%
40 G France Remy Descamps
87%
16 DG Brésil Vinicius Abner
87%
18 AD Algérie Rachid Ghezzal
85%
44 MOC France Khalis Merah
83%
77 BU Ukraine Roman Yaremchuk
83%
98 DD Angleterre Ainsley Maitland-Niles
82%
37 AD Ghana Ernest Nuamah
82%
45 BU France Rémi Himbert
82%
7 AD République Tchèque Adam Karabec
78%
5 MC Belgique Orel Mangala
78%
21 DC Pays-Bas Ruben Kluivert
75%
33 DD Pays-Bas Hans Hateboer
72%
99 MOC Danemark Noah Nartey
70%
39 MC Portugal Mathys de Carvalho
65%
84 AD France Adil Hamdani
57%
34 DC France Steeve Kango
55%
85 DC France Noham Kamara
52%
50 G Mali Lassine Diarra
43%
46 MC Portugal Tiago Gonçalves
27%
35 G Portugal Matthias Da Silva
25%
62 G Côte d'Ivoire Yvann Konan
25%
67 DD France Prince Mbatshi
8%
34 MDC Sénégal Fallou Fall
7%
Aucun quiz correspondant
Distribution des résultats
% des personnes avec chaque résultat
Percentile par nombre de réponses
Votre historique - résultats
Vous n’avez pas pris ce quiz